Groupes d'ultras/supporters français (football) - Statistiques

Statistiques générales
  • Ce quiz a été pris 53 fois
    24 depuis la dernière actualisation
  • Le résultat moyen est 19 sur 111
Statistiques - réponses
Club Réponse % Correct
AS Saint-Étienne Green Angels
67%
Olympique de Marseille South Winners
67%
AS Saint-Étienne Magic Fans
62%
Olympique Lyonnais Bad Gones
57%
Paris Saint-Germain Collectif Ultras Paris
52%
Le Mans FC | Olympique de Marseille Fanatics
52%
Olympique de Marseille Commando Ultra
48%
Olympique de Marseille Marseille Trop Puissant
48%
EA Guingamp Kop Rouge
43%
Paris Saint-Germain K-Soce Team
43%
Olympique Lyonnais Lyon 1950
43%
ESTAC Troyes Magic Troyes
43%
Olympique de Marseille Club des Amis de l'OM
38%
Olympique de Marseille Dodgers
38%
RC Lens Red Tigers
38%
FC Girondins de Bordeaux Ultramarines Bordeaux
38%
FC Metz Gruppa Metz
33%
FC Metz Horda Frénétik
33%
Angers SCO Kop de la Butte
33%
FC Sochaux-Montbéliard Les Boys 07
33%
FC Lorient Merlus Ultras
33%
FC Girondins de Bordeaux North Gate Bordeaux
33%
AJ Auxerre Ultras Auxerre
33%
Le Havre AC Barbarians Havrais
29%
FC Nantes Brigade Loire
29%
LOSC Lille Dogues Virage Est
29%
Toulouse FC Indians Tolosa
29%
Paris FC | SC Toulon Old Clan
29%
Paris Saint-Germain Parias Cohortis
29%
Stade Rennais FC Roazhon Celtic Kop
29%
FC Rouen 1899 Rouen Fans
29%
RC Strasbourg Alsace Ultra Boys
29%
Dijon FCO Lingon's Boys
24%
Clermont Foot 63 Nemetum Ultras
24%
Grenoble Foot 38 Red Kaos
24%
AS Nancy-Lorraine Saturday FC
24%
OGC Nice Ultras Populaire Sud
24%
Stade de Reims Ultrem 1995
24%
Paris Saint-Germain Urban Paris
24%
Montpellier HSC Butte Paillade
19%
Stade Brestois 29 Celtic Ultras
19%
Le Havre AC Kop Ciel et Marine 1984
19%
Red Star FC Red Star Fans
19%
Amiens SC Tribune Nord Amiens
19%
FC Sochaux-Montbéliard Tribune Nord Sochaux
19%
Paris FC Ultras Lutetia
19%
AS Monaco Ultras Monaco
19%
Nîmes Olympique Gladiators Nîmes 1991
14%
LOSC Lille Go Rijsel Spirit
14%
RC Lens Kop Sang et Or
14%
Stade Lavallois Laval Crew
14%
SM Caen Malherbe Normandy Kop
14%
Olympique Lyonnais South Side Lyon
14%
Pau FC STUP
14%
Valenciennes FC Ultras Roisters
14%
Paris Saint-Germain Beriz Crew
10%
SC Toulon Du Passé Je Suis Amoureux
10%
RC Strasbourg Alsace Kop Ciel et Blanc
10%
FC Rouen 1899 Kop Lenoble
10%
FC Annecy Kop Raiders 74
10%
CS Sedan Ardennes Kop Vert et Rouge
10%
Paris Saint-Germain Le Combat Continue
10%
Stade Brestois 29 Ultras Brestois
10%
US Dunkerque Ultras dunkerquois
10%
FC Versailles 78 Versailles Fans
10%
CS Sedan Ardennes Young Boys
10%
US Boulogne CO Boulogne Fans
5%
SAS Épinal Bway Dread of Spinaux
5%
Le Havre AC Furia Ultras
5%
RC Lens Galiboys
5%
Valenciennes FC Génération Rouge et Blanc
5%
Paris 13 Atletico Gobelin Block
5%
US Créteil Lusitanos Kop Banlieue
5%
Thonon Evian FC Les Tabannés
5%
RC Lens North Devils
5%
AC Ajaccio Orsi Ribelli
5%
RC Lens Turbulens
5%
RC Lens Artois Boys
0%
Toulouse FC BFS
0%
FC Chambly Oise Blue Blacks
0%
FC Dieppe Blue Herrings
0%
Clermont Foot 63 Brigade Arverne
0%
RC Calais Brigade Nord Calais
0%
Angers SCO Brigade Ouest
0%
FC Mulhouse Brigade Ultra
0%
Racing Besançon Brigata Vesontio
0%
FC Villefranche Beaujolais Ca'lads 1927
0%
AS Cannes Cannes 1902
0%
AS Beauvais-Oise Collectif Isarien
0%
Grenoble Foot 38 Diables Bleus
0%
US Dunkerque DK 12
0%
US Orléans Drouguis
0%
Le Mans FC Firesnake
0%
Colmar Green Boys
0%
SC Bastia Gruppu Petrignani
0%
AS Saint-Étienne Indépendantistes Stéphanois
0%
US Concarneau Konk Kerne Fans
0%
Wasquehal Kop Of Wasquehal
0%
Rodez AF Kop Ruthénois
0%
Vendée FC La Roche-sur-Yon Kop Yonnais
0%
Stade Lavallois Meduana Boys
0%
Pau FC Nouste Kop
0%
La Berrichonne de Châteauroux Red Blue Angels
0%
FC Bourg-en-Bresse Péronnas 01 Supporters Bressans
0%
C'Chartres Football Ultras Chartres
0%
FC Fleury 91 Ultras Lions
0%
Le Mans FC Virage Sud Le Mans
0%
Le Mans FC Worshippers
0%
Quevilly Rouen Métropole Young Block
0%
Aucun quiz correspondant
Distribution des résultats
% des personnes avec chaque résultat
Percentile par nombre de réponses
Votre historique - résultats
Vous n’avez pas pris ce quiz depuis la dernière actualisation